02465nam a22002537a 4500001000500000005001700005020001800022040003200040082001100072100002500083245039100108246003200499250010200531260003400633300005400667505000600721520095200727520037401679521002702053521001602080650006502096650002202161700002802183136020250528095534.0 a9789924340065 aFISKH bengcFISKH dFISKH  a371.91 aGeystelen, Judit Van aគីមឡាង មើលមិនឃើញតែ....​ / cគំនិតផ្ដួចផ្ដើម និងរៀបរៀងអត្ថបទ Project Initiative and Text Judit van Geystelen - រូបថត Photography Ung Nita - បកប្រែពីភាសាអង់គ្លេសដោយ អ៊ូច សូលីដា Translation from English by Ouch Solida aKimlang cannot see, yet.... aបោះពុម្ពលើកទី៣ ខែមិថុនា ឆ្នាំ ២០២១  aPhnom Penh : bSipar,c2022. a31 pages : bcolor illustrations ; c18 x 2៤ cm aP aគិមឡាងជាក្មេងស្រីអាយុ ១៣ឆ្នាំ ហើយរស់នៅប្រទេសកម្ពុជា។ នាងទៅសាលា ហើយចូលចិត្តចំណាយពេលជាមួយមិត្តភក្ដិលេងជាមួយឆ្កែនាង និង​ច្រៀងលេង។ ពេលនាងធំឡើង នាងចង់ក្លាយជាគ្រូភាសាអង់គ្លេសម្នាក់។ ដូចគ្នានឹងក្មេងៗដ៏ទៃដែរ គីមឡាងមានជិវិតរីករាយ និងមានក្ដីសុបិន្តនាថ្ងៃអនាគត។ ប៉ុន្តែអ្វីមួយដែលគីមឡាងមានខុសពីគេ។ នាងរស់នៅជាមួយពិការភាព គឺនាងពិការភ្នែក។  aKimlang is 13 years old and lives in Cambodia. She goes to school and likes to spend time with her friends, plays with her dog and sing. When she grow up she would like to be an English teacher! Likes most children of her age, Kimlang enjoy life and has dreams about her future. Yet, something is different about Kimlang. Kimlang lives with a disability, she is blind.  a600bLexile estimate  aPbRaz-Plus aពិការភាពvក្ដីសុបិន្ត  aDisabilityvDream aNita, Ung cillustrator